000 00380nam a22001217a 4500
040 _cRUA
082 _aANN OUK 2017 A.126 Or.1
100 _aOUK MAKARA, អ៊ុក ម៉ាការា
245 _aAnnual Report 2018 , របាយការណ៍ប្រចាំឆ្នាំ២០១៨
260 _aPHNOM PENH
_bRUA
_c2018
300 _avii,
_bill,
_c29cm,
942 _cREC
999 _c25180
_d25180